LEADER 00718nam a2200193 4500 001 000000361067 003 CaOOAMICUS 005 20241206093200.0 008 241206s1885 it 000 u lat r 040 $aSeMil$bita 100 1 $aGiussani, Carlo <1840-1900>.$0(OLS)http://semarc/name/11773 245 10$aQuaestiones Lucilianae /$cC. Giussani scripsit. 264 1$aMilano :$bRebeschini,$c1885. 300 $a52 p. ;$c23 cm 850 $aSeMil 852 $aSeMil$W1$xVenegono$y1$m5D IV 8/32$j253187$B252043$CSeMilBibl$Z2$F252043 $81 996 $6245$aQuaestiones Lucilianae$9(OLS)http://semarc/title/451703 996 $6264$aMilano :$bRebeschini$9(OLS)http://semarc/publisher/30470 LEADER 01196nam a2200289 i 4500 001 000000112070 003 CaOOAMICUS 005 20030206000000.0 008 030206s2000 it u000 u ita u 013 $a84754 020 $a88-7610-824-6 040 $aSeMil$bita 100 1 $aGentili, Antonio .$0(OLS)http://semarc/name/4317 245 12$aI nostri sensi illumina :$bsaggio sui cinque sensi spirituali /$cAntonio Gentili. 260 $aMilano :$bÀncora,$ccopyr. 2000. 300 $a160 p. :$b12 c. di tav. ;$c21 cm. 490 0 $aIn cammino 500 $aIn Appendice : Un itinerario spirituale in immagini. - Fondo Card. C.M. Martini. 650 4$aSensi spirituali.$0(OLS)http://semarc/subject/17993 830 0$aIn cammino.$0(OLS)http://semarc/title/9144 850 $aSeMil 852 $aSeMil$W1$xVenegono$y1$m3F I 306$j67859$B67859$CSeMilBibl$Z2$F100787 $81 941 1 $a4 961 $aOmaggio: Martini Card. Carlo Maria 996 $6020$a88-7610-824-6$9(OLS)http://semarc/number/94517 996 $6245$aI nostri sensi illumina :$bsaggio sui cinque sensi spirituali$9(OLS)http://semarc/title/163311 996 $6260$aMilano :$bÀncora$9(OLS)http://semarc/publisher/29763